Statistics for Skyrim Trivia

Click here to take the quiz!

General Stats

  • This quiz has been taken 28 times
  • The average score is 35 of 60

Answer Stats

DescriptionAnswer% Correct
Location of the second Dark Brotherhood Sanctuary.Dawnstar
100%
Name of the Greybeards' sanctuary.High Hrothgar
100%
Capital city of Skyrim and Imperial Headquarters.Solitude
100%
Central city of Skyrim.Whiterun
100%
The Stormcloak Headquarters.Windhelm
100%
Home to the College of Winterhold.Winterhold
100%
The dragon who destroyed Helgen.Alduin
96%
Burned down at the beginning of the game.Helgen
96%
Home of the Thieves Guild.Riften
96%
The leader of the Stormcloak rebellion.Ulfric Stormcloak
96%
The leader of the Imperial Legion in Skyrim.General Tullius
92%
The home of the Silver-Blood family.Markarth
92%
The dragon found on the Throat of the World.Paarthurnax
92%
Leader of the Dark Brotherhood before the Dragonborn.Astrid
88%
Start of the 7000 steps.Ivarstead
88%
Guild Master before the Dragonborn and former Nightingale #1.Mercer Frey
88%
Home to Hadvar's uncle Alvor.Riverwood
88%
City containing Dead Man's Drink.Falkreath
85%
The home of Falion.Morthal
85%
Greybeard #1.Arngeir
81%
Home to the only Penitus Oculatus Outpost in Skyrim.Dragon Bridge
81%
Blades member found in the Riften Ratways.Esbern
81%
Harbinger of the Companions before the Dragonborn.Kodlak Whitemane
81%
Nightingale #2.Brynjolf
77%
Blades member who works at the Sleeping Giant Inn.Delphine
77%
Vampire Lord and the leader of the Volkihar Clan.Harkon
77%
Whiterun's Court Wizard.Farengar Secret-Fire
69%
Former Nightingale #3 and Nightingale #1.Karliah
69%
Home to The Frostfruit Inn.Rorikstead
62%
Leader of the Dawnguard.Isran
58%
Arch Mage of the College of Winterhold before the Dragonborn.Savos Aren
58%
A small village near the Velothi Mountains.Shor's Stone
58%
Greybeard #4.Wulfgar
58%
Jarl of Solitude.Elisif the Fair
54%
Guards the Hall of Valor.Tsun
54%
Imperial Jarl of The Rift.Maven Black-Briar
50%
Neutral and Imperial Jarl of Whiterun Hold.Balgruuf the Greater
46%
Former Nightingale #2.Gallus
46%
The dragon that flies the player to Skuldafn.Odahviing
46%
Greybeard #2.Borri
42%
Small mining civilisation in The Reach.Karthwasten
42%
Imperial Jarl of Falkreath Hold.Siddgeir
38%
Stormcloak Jarl of The Rift.Laila Law-Giver
35%
Stormcloak Jarl of Whiterun Hold.Vignar Gray-Mane
31%
Imperial Jarl of Eastmarch.Brunwulf Free-Winter
27%
Greybeard #3.Einarth
27%
Imperial Jarl of The Reach.Igmund
23%
Headmaster of the Bard's College.Viarmo
23%
Imperial Jarl of Hjaalmarch.Idgrod Ravencrone
19%
Stormcloak Jarl of The Pale.Skald the Elder
19%
Stormcloak Jarl of Falkreath Hold.Dengeir of Stuhn
15%
Stormcloak Jarl of Winterhold.Korir
15%
Imperial Jarl of The Pale.Brina Merilis
12%
Stormcloak Jarl of Hjaalmarch.Sorli the Builder
12%
Stormcloak Jarl of The Reach.Thongvor Silver-Blood
12%
Imperial Jarl of Winterhold.Kraldar
8%
Second Counsilor of Raven Rock.Adril Arano
4%
Leader of the Skaal Village.Fanari Strong-Voice
4%
First Councilor of Raven Rock.Lleril Morvayn
4%
Captain oif the Redoran Guard.Captain Veleth
0%

Score Distribution

Percentile by Number Answered

Percent of People with Each Score

Your Score History

You have not taken this quiz